Cybercrime and espionage : An analysis of subversive multivector threats (Record no. 11375)
[ view plain ]
| 000 -LEADER | |
|---|---|
| fixed length control field | 00800cam a2200241 a 4500 |
| 020 ## - INTERNATIONAL STANDARD BOOK NUMBER | |
| International Standard Book Number | 9781597496131 |
| 040 ## - CATALOGING SOURCE | |
| Modifying agency | DLC |
| 082 04 - DEWEY DECIMAL CLASSIFICATION NUMBER | |
| Classification number | 658.47 |
| Edition number | 22 |
| 100 1# - MAIN ENTRY--PERSONAL NAME | |
| Personal name | Gragido, Will. |
| 245 10 - TITLE STATEMENT | |
| Title | Cybercrime and espionage : An analysis of subversive multivector threats |
| Statement of responsibility, etc. | Will Gragido, John Pirc ; Russ Rogers. |
| 260 ## - PUBLICATION, DISTRIBUTION, ETC. | |
| Place of publication, distribution, etc. | Rockland, Mass. : |
| Name of publisher, distributor, etc. | Syngress ; |
| Place of publication, distribution, etc. | Oxford : |
| Name of publisher, distributor, etc. | Elsevier Science [distributor], |
| Date of publication, distribution, etc. | c2011. |
| 300 ## - PHYSICAL DESCRIPTION | |
| Extent | xv, 254 p. : |
| Other physical details | ill. ; |
| Dimensions | 24 cm. |
| 504 ## - BIBLIOGRAPHY, ETC. NOTE | |
| Bibliography, etc. note | Includes bibliographical references and index. |
| 650 #0 - SUBJECT ADDED ENTRY--TOPICAL TERM | |
| Topical term or geographic name entry element | Computer crimes. |
| 650 #0 - SUBJECT ADDED ENTRY--TOPICAL TERM | |
| Topical term or geographic name entry element | Espionage. |
| 650 #0 - SUBJECT ADDED ENTRY--TOPICAL TERM | |
| Topical term or geographic name entry element | Security systems. |
| 650 #0 - SUBJECT ADDED ENTRY--TOPICAL TERM | |
| Topical term or geographic name entry element | Computer crimes |
| General subdivision | Prevention. |
| 650 #0 - SUBJECT ADDED ENTRY--TOPICAL TERM | |
| Topical term or geographic name entry element | Business intelligence. |
| 650 #0 - SUBJECT ADDED ENTRY--TOPICAL TERM | |
| Topical term or geographic name entry element | Threats |
| General subdivision | Safety measures. |
| 700 1# - ADDED ENTRY--PERSONAL NAME | |
| Personal name | Pirc, John. |
| 700 1# - ADDED ENTRY--PERSONAL NAME | |
| Personal name | Rogers, Russ. |
| 942 ## - ADDED ENTRY ELEMENTS (KOHA) | |
| Source of classification or shelving scheme | |
| Koha item type | Book |
| Withdrawn status | Lost status | Damaged status | Not for loan | Collection code | Permanent Location | Current Location | Shelving location | Date acquired | Source of acquisition | Cost, normal purchase price | Total Checkouts | Full call number | Barcode | Date last seen | Date last checked out | Price effective from | Koha item type |
|---|---|---|---|---|---|---|---|---|---|---|---|---|---|---|---|---|---|
| Central Library (CL) | Central Library (CL) | General Stacks | 12/13/2012 | Allied Book Company | 4663.00 | 1 | 658.47 GRA | SEECS011730 | 11/10/2016 | 10/06/2016 | 12/18/2012 | Book | |||||
| Central Library (CL) | Central Library (CL) | General Stacks | 12/13/2012 | Allied Book Company | 4663.00 | 658.47 GRA | SEECS011731 | 01/05/2025 | 12/18/2012 | Book | |||||||
| Central Library (CL) | Central Library (CL) | General Stacks | 12/13/2012 | Allied Book Company | 4663.00 | 658.47 GRA | SEECS011732 | 12/18/2012 | 12/18/2012 | Book |
